Guitar Models by Image (Slideshow) Quiz Stats

Quiz not verified by Sporcle

Challenge
Share
Tweet
Score 0/12 Timer 05:00
0 Plays Today
% Correct
Gibson Les Paul
98.8%
Fender Stratocaster
83.3%
Fender Telecaster
79.7%
Gibson SG
78.3%
Gibson Flying V
77.6%
Fender Jaguar
68.8%
Gibson Explorer
68.5%
Gibson Firebird
54.7%
Fender Mustang
49.1%
B.C. Rich Warlock
44.7%
Ibanez RG
43.2%
Ibanez Iceman
38.4%

You're not logged in!

Compare scores with friends on all Sporcle quizzes.
Sign Up with Email
OR
Log In

You Might Also Like...

Show Comments

Extras

Top Quizzes Today


Score Distribution

Your Account Isn't Verified!

In order to create a playlist on Sporcle, you need to verify the email address you used during registration. Go to your Sporcle Settings to finish the process.